MARC

LEADER 00000nam0a2200000 4500
001 66828
005 20231031072852.0
035 |a (RuTPU)RU\TPU\book\71104 
090 |a 66828 
100 |a 20040908d1970 m y0rusy50 ca 
101 0 |a rus 
102 |a RU 
105 |a a j 001zy 
200 1 |a Иммерсионный метод минералогических исследований  |e учебное пособие  |f М. С. Сахарова, Ю. А. Черкасов  |g Под ред. С. Д. Четверикова 
210 |a Москва  |c Изд-во Московского ун-та  |d 1970 
215 |a 89 с.  |c ил. 
320 |a Библиогр.: с. 83-84. 
610 1 |a минералы 
610 1 |a микроскопические исследования 
610 1 |a иммерсионные методы 
610 1 |a учебные пособия 
675 |a 552.086(075.8)  |v 3 
700 1 |a Сахарова  |b М. С.  |g Марина Сергеевна 
701 1 |a Черкасов  |b Ю. А.  |g Юрий Алексеевич 
702 1 |a Четвериков  |b С. Д.  |4 340 
801 1 |a RU  |b 63413507  |c 20040908  |g PSBO 
801 2 |a RU  |b 63413507  |c 20200605  |g PSBO 
942 |c BK